Portmanteaus Set #1 - Statistics

General Stats
  • This quiz has been taken 55 times
  • The average score is 28 of 42
Answer Stats
Portmanteau Component % Correct
Email Mail
100%
Labradoodle Labrador
98%
Anklet Ankle
96%
Anklet Bracelet
94%
Sitcom Comedy
94%
Email Electronic
94%
Labradoodle Poodle
94%
Webinar Web
94%
Infomercial Commercial
92%
Electrocute Electric
92%
Webinar Seminar
92%
Infomercial Information
90%
Mansplain Man
90%
Vlog Video
85%
Automobile Automatic
83%
Cosmeceutical Cosmetic
83%
Brexit Exit
83%
Mansplain Explain
83%
Automobile Mobile
83%
Sitcom Situation
83%
Vlog Blog
79%
Brexit Britain
79%
Glamping Camping
77%
Intercom Communication
77%
Netizen Citizen
75%
Fortnight Night
73%
Cosmeceutical Pharmaceutical
69%
Glamping Glamorous
65%
Paramedic Medical
63%
Wifi Wireless
56%
Netizen Internet
54%
Electrocute Execute
40%
Avionics Electronics
35%
Fortnight Fourteen
27%
Intercom Internal
25%
Velcro Velvet
25%
Wifi Fidelity
23%
Bit Binary
8%
Velcro Crochet
8%
Bit Digit
4%
Paramedic Paramilitary
2%
Avionics Avation
0%
No matching quizzes found
Score Distribution
Percent of People with Each Score
Percentile by Number Answered
Your Score History
You have not taken this quiz